| 000 | 00371cam a2200145ua 4500 | ||
|---|---|---|---|
| 041 |
_aeng _h |
||
| 082 |
_a828.09 _bRAL/HI |
||
| 100 | _aralli, Augustus . | ||
| 245 |
_aHistory of Shakespearian Criticism V II / _cAugustus. _hTextual Documents |
||
| 260 |
_aNewyork : _bHumanities press , _c1959. |
||
| 300 | _a582 ; . | ||
| 504 | _a | ||
| 942 | _cBK | ||
| 999 |
_c2762 _d2762 |
||